000 01953nam a2200241Ia 4500
008 260220t1986||||xx |||||||||||||| ||spa||
040 _aPY-SlUNAC
_bspa
_erda
041 _aspa
082 _a581.15
_bM339f
100 _aMariotti, Jorfe A.
_eAutor
245 0 _aFundamentos de genética biométrica :
_baplicaciones al mejoramiento genético vegetal /
_cpor Jorfe A. Mariotti [Autor]
264 _aWashington D. C. :
_bOrganización de los Estados Americanos,
_c℗1986.
300 _a1 volumen
520 _aEn "Fundamentos de genética biométrica: aplicaciones al mejoramiento genético vegetal", Jorfe A. Mariotti ofrece una visión integral de las técnicas estadísticas y matemáticas aplicadas a la genética, enfocándose en su relevancia para el mejoramiento de cultivos. El autor presenta los principios básicos de la genética biométrica, incluyendo métodos de análisis de variancia, correlación y regresión, que permiten evaluar y manipular la variabilidad genética en poblaciones vegetales. A través de ejemplos prácticos y estudios de caso, Mariotti ilustra cómo estas herramientas pueden optimizar la selección y el cruce de plantas con características deseables, contribuyendo así a la producción agrícola sostenible. El texto destaca la importancia de la genética biométrica en la investigación agronómica y su aplicación en el desarrollo de variedades más resistentes y productivas, subrayando la interconexión entre la teoría genética y la práctica agrícola. Esta obra se convierte en un recurso esencial para investigadores y profesionales del campo del mejoramiento genético vegetal, promoviendo un enfoque científico en la agricultura.
653 _aAgricultura
653 _aGenética
653 _aMejoramiento genético
942 _b2026/02/17
_cBK
999 _c8293
_d8293